| 000 | 00501nam a2200181 a 4500 | ||
|---|---|---|---|
| 001 | 2727 | ||
| 003 | CDMR | ||
| 005 | 20130930132926.0 | ||
| 008 | 130130s1986||||||||||||||||||||||||||||d | ||
| 020 | _a8450547733 | ||
| 040 |
_aCDMR _bcat _cCDMR |
||
| 100 | 1 |
_aOringel, Robert S. _92049 |
|
| 245 | 1 | 0 | _aManual de operaciones de televisión |
| 260 |
_aMadrid _bInstituto Oficial de Radio y Televisión |
||
| 260 |
_aLondon _aBoston _c1986 _bFocal Press |
||
| 490 | _aManuales profesionales | ||
| 942 |
_cMON _2udc |
||
| 999 |
_c2727 _d2727 |
||